Stanovenie vybraných rádionuklidov vo vodách

Salvato in:
Dettagli Bibliografici
Autore principale: Kopuncová, Tatiana
Altri autori: Mayer, Ján, Kortus, Jozef
Natura: Libro
Lingua:slovacco
Pubblicazione: Bratislava Výskumný ústav vod. hosp. 1986
Edizione:1. vyd.
Serie:Veda a výskum praxi č. 75
Tags: Aggiungi Tag
Nessun Tag, puoi essere il primo ad aggiungerne!!

MARC

LEADER 00000nam a2200000 4500
001 c024896
005 20221219100907.6
041 0 |a slo 
044 |a SK 
245 1 0 |a Stanovenie vybraných rádionuklidov vo vodách  |c Tatiana Kopuncová, Ján Mayer, Jozef Kortus 
250 |a 1. vyd. 
264 1 |a Bratislava  |b Výskumný ústav vod. hosp.  |c 1986 
300 |a 46 s. 
490 1 |a Veda a výskum praxi  |v č. 75 
830 0 |a Veda a výskum praxi  |v č. 75 
100 1 |a Kopuncová, Tatiana 
700 1 |a Mayer, Ján 
700 1 |a Kortus, Jozef